La Tegucigalpa de mis recuerdos / (Registro nro. 18734)
[ vista simple ]
| 000 -CABECERA | |
|---|---|
| campo de control de longitud fija | 00912cam a2200217 a 4500 |
| 001 - NÚMERO DE CONTROL | |
| campo de control | 000019216 |
| 005 - FECHA Y HORA DE LA ÚLTIMA TRANSACCIÓN | |
| campo de control | 20200929165943.0 |
| 008 - DATOS DE LONGITUD FIJA--INFORMACIÓN GENERAL | |
| campo de control de longitud fija | 790628s1978 ho a 000 0 spa d |
| 040 ## - FUENTE DE LA CATALOGACIÓN | |
| Centro catalogador/agencia de origen | DO-SdBNP |
| Lengua de catalogación | spa |
| Centro/agencia transcriptor | BNPHU |
| 082 ## - NÚMERO DE LA CLASIFICACIÓN DECIMAL DEWEY | |
| Número de clasificación | 917.283 |
| Número de documento/Ítem | R788t |
| 049 ## - FONDOS LOCALES (OCLC) | |
| Fondos de biblioteca | BNGR |
| 100 1# - ENTRADA PRINCIPAL--NOMBRE DE PERSONA | |
| Nombre de persona | Rosa, Marco Antonio, |
| Fechas asociadas al nombre | 1899-1983. |
| 9 (RLIN) | 41343 |
| 245 13 - MENCIÓN DE TÍTULO | |
| Título | La Tegucigalpa de mis recuerdos / |
| Mención de responsabilidad, etc. | M. Antonio Rosa. |
| 260 ## - PUBLICACIÓN, DISTRIBUCIÓN, ETC. | |
| Lugar de publicación, distribución, etc. | Tegucigalpa : |
| Nombre del editor, distribuidor, etc. | Centro Técnico Tipo-Litográfico Nacional, |
| Fecha de publicación, distribución, etc. | 1978. |
| 300 ## - DESCRIPCIÓN FÍSICA | |
| Extensión | 205 p. : |
| Otras características físicas | ill. ; |
| Dimensiones | 21 cm. |
| 500 ## - NOTA GENERAL | |
| Nota general | "Edición conmemorativa del cuatricentenario de la creación de la Alcaldia Mayor de Tegucigalpa, 29 de septiembre de 1578." |
| 651 #4 - PUNTO DE ACCESO ADICIONAL DE MATERIA--NOMBRE GEOGRÁFICO | |
| Nombre geográfico | Tegucigalpa (Hondura{Rpara} |
| Subdivisión general | Descripción Y Viajes |
| 9 (RLIN) | 41344 |
| 651 #4 - PUNTO DE ACCESO ADICIONAL DE MATERIA--NOMBRE GEOGRÁFICO | |
| Nombre geográfico | Tegucigalpa |
| Subdivisión general | Historia |
| -- | Rosa, Antonio |
| -- | Relatos Personales |
| 9 (RLIN) | 41345 |
| 651 #4 - PUNTO DE ACCESO ADICIONAL DE MATERIA--NOMBRE GEOGRÁFICO | |
| Nombre geográfico | Tegucigalpa (Honduras{Rpara} |
| Subdivisión general | Vida Social Y Costumbres |
| 9 (RLIN) | 41346 |
| 910 ## - DATOS DE OPCIÓN DEL USUARIO (OCLC) | |
| Datos de opción del usuario | Catalogación derivada / LC |
| Estado de retiro | Estado de pérdida | Restricciones de uso | No para préstamo | Código de colección | Localización permanente | Ubicación/localización actual | Ubicación en estantería | Fecha de adquisición | Número de inventario | Total de préstamos | Signatura topográfica completa | Código de barras | Fecha visto por última vez | Precio válido a partir de | Tipo de ítem Koha |
|---|---|---|---|---|---|---|---|---|---|---|---|---|---|---|---|
| Monografías: Libros y Folletos | General | General | En catalogación | 28.05.2010 | LF1 | 917.283 R788t | 19216-10 | 25.06.2020 | 25.06.2020 | Préstamo en sala |
